Análisis de los conflictos socio-ambientales alrededor del uso y apropiación de la biodiversidad: (Registro nro. 17535)
[ vista simple ]
| 000 -CABECERA | |
|---|---|
| Campo de control | 01579nam a22003377a 4500 |
| 005 - FECHA Y HORA DE LA ULTIMA TRANSACCION | |
| Campo de control | 20191224042214.0 |
| 008 - ELEMENTOS DE LONGITUD FIJA—INFORMACION GENERAL | |
| Campo de control | 150708b2010 ck ||||| |||| 00| 0 spa d |
| 040 ## - FUENTE DE CATALOGACIÓN | |
| Agencia catalogadora original | CO-BoIAVH |
| Agencia transcriptora | CO-BoIAVH |
| 041 ## - IDIOMA | |
| Código de idioma para texto/pista de sonido o título separado | Español |
| 044 ## - PAÍS DE PUBLICACIÓN | |
| País de publicación | Colombia |
| 090 ## - CLASIFICACIÓN LOCAL | |
| Colección | IAVH |
| Consecutivo | 001603 |
| 100 1# - ASIENTO PRINCIPAL--NOMBRE PERSONAL | |
| Nombre personal | Cardenas, Juan Camilo |
| 9 (RLIN) | 2215 |
| 245 10 - MENCION DE TITULO | |
| Título | Análisis de los conflictos socio-ambientales alrededor del uso y apropiación de la biodiversidad: |
| Parte restante del título | dos aplicaciones piloto en la Orinoquia y el Caribe |
| 260 ## - PUBLICACION, DISTRIBUCION, ETC. (PIE DE IMPRENTA) | |
| Lugar de publicación, distribución, etc. | Bogotá: |
| Nombre del editor, distribuidor, etc. | Universidad de los Andes, |
| -- | Instituto de Investigación de Recursos Biológicos Alexander von Humboldt, |
| Fecha de publicación, distribución, etc. | 2010. |
| 300 ## - DESCRIPCION FISICA | |
| Extensión | 240 p. |
| Otros detalles físicos | tablas, mapas a color |
| 500 ## - NOTA GENERAL | |
| Nota general | Convenio 10-10-011-0023CE |
| 520 ## - NOTA DE RESUMEN, ETC. | |
| Nota de resumen | Proyecto para desarrollar y probar en campo de manera piloto herramientas desde varios enfoques analíticos y metodológicos que permitieran analizar los conflictos socio-ambientales asociados al uso y conservación de la biodiversidad, con un énfasis particular en recursos hidrobiológicos y en zonas inundables |
| 650 14 - ASIENTO SECUNDARIO DE MATERIA - TERMINO TEMATICO | |
| Término temático o nombre geográfico como elemento de entrada | Conflictos ambientales |
| Subdivisión geográfica | Colombia |
| 9 (RLIN) | 35333 |
| 650 14 - ASIENTO SECUNDARIO DE MATERIA - TERMINO TEMATICO | |
| Término temático o nombre geográfico como elemento de entrada | Uso de biodiversidad |
| 9 (RLIN) | 343 |
| 651 ## - ASIENTO SECUNDARIO DE MATERIA - NOMBRE GEOGRAFICO | |
| Nombre geográfico | Colombia |
| Subdivisión geográfica | Region Caribe |
| 9 (RLIN) | 35334 |
| 651 ## - ASIENTO SECUNDARIO DE MATERIA - NOMBRE GEOGRAFICO | |
| Nombre geográfico | Colombia |
| Subdivisión geográfica | Región Orinoquía |
| 9 (RLIN) | 35335 |
| 662 ## - ASIENTO SECUNDARIO DE MATERIA - JERARQUIA DEL NOMBRE DE LUGAR( | |
| País o entidad mayor | Colombia |
| 700 1# - ASIENTO SECUNDARIO - NOMBRE PERSONAL | |
| Nombre personal | Castañeda, Jorge Luis |
| 9 (RLIN) | 2217 |
| 700 1# - ASIENTO SECUNDARIO - NOMBRE PERSONAL | |
| Nombre personal | Castillo-Brieva, Daniel |
| 9 (RLIN) | 2218 |
| 700 1# - ASIENTO SECUNDARIO - NOMBRE PERSONAL | |
| Nombre personal | Ospina-Medina, Daniel |
| 9 (RLIN) | 2463 |
| 700 1# - ASIENTO SECUNDARIO - NOMBRE PERSONAL | |
| Nombre personal | Pereira, María Fernanda |
| 9 (RLIN) | 2220 |
| 700 1# - ASIENTO SECUNDARIO - NOMBRE PERSONAL | |
| Nombre personal | Ricaurte, Luis Carlos |
| 9 (RLIN) | 35332 |
| 700 1# - ASIENTO SECUNDARIO - NOMBRE PERSONAL | |
| Nombre personal | Rodriguez, Luz Angela |
| 9 (RLIN) | 2221 |
| 700 1# - ASIENTO SECUNDARIO - NOMBRE PERSONAL | |
| Nombre personal | Laverde, Carolina |
| 9 (RLIN) | 2219 |
| 942 ## - ELEMENTOS ADICIONALES (KOHA) | |
| Sistema de clasificación | Local |
| Tipo de ítem | Informe Técnico |
| Koha issues (borrowed), all copies | 1 |
| Withdrawn status | Lost status | Sistema de Clasificación | Damaged status | No para préstamo | Colección | Inventariado | Ubicación Permanente | Ubicación actual | Fecha de adquisición | Total Checkouts | Número topográfico | Inventario / Código de Barras | Date last seen | Date checked out | Ejemplar | Price effective from | Forma de adquisición | Tipo de material |
|---|---|---|---|---|---|---|---|---|---|---|---|---|---|---|---|---|---|---|
| Local | Humboldt | Inventariado 2017 | Bogotá | Bogotá | 08/07/2015 | 1 | IAVH-01603 | 042094 | 09/08/2024 | 28/09/2015 | Ej. 1 | 08/07/2015 | Institucional | Informe Técnico |